Fatty acid metabolism and its regulation (Record no. 39988)
[ view plain ]
| 000 -LEADER | |
|---|---|
| fixed length control field | 00365nam a2200133Ia 4500 |
| 082 ## - DEWEY DECIMAL CLASSIFICATION NUMBER | |
| Classification number | 577.125.3 |
| Item number | NUM |
| 245 #0 - TITLE STATEMENT | |
| Title | Fatty acid metabolism and its regulation |
| 260 ## - PUBLICATION, DISTRIBUTION, ETC. (IMPRINT) | |
| Place of publication | Amsterdam |
| Name of publisher | Elsevier |
| Year of publication | 1984 |
| 490 ## - SERIES STATEMENT | |
| Series statement | New comprehensive biochemistry v 7 |
| 650 ## - SUBJECT ADDED ENTRY--TOPICAL TERM | |
| Topical Term | Fatty acid |
| 700 ## - ADDED ENTRY--PERSONAL NAME | |
| Personal name | NUMA, Shosaku |
| 942 ## - ADDED ENTRY ELEMENTS (KOHA) | |
| Koha item type | Books |
| Withdrawn status | Lost status | Damaged status | Not for loan | Home library | Current library | Date acquired | Full call number | Accession Number | Koha item type |
|---|---|---|---|---|---|---|---|---|---|
| RRII Library | RRII Library | 16/12/2021 | 577.125.3 NUM | 20306 | Books |